000 01991cam a2200313 i 4500
001 22952963
005 20250408085445.0
008 230202t20222022enka b 001 0 eng d
010 _a 2022304591
020 _a9781787754188
035 _a(OCoLC)on1268127358
040 _aUKMGB
_beng
_cUKMGB
_erda
_dOCLCO
_dBDX
_dOCLCF
_dNTU
_dYDX
_dOCLCO
_dDLC
041 _aeng
042 _alccopycat
050 0 0 _aHV6545.8
_b.P74 2022
245 0 0 _aPreventing and responding to student suicide
_c/ edited by Sharon Mallon and Jo Smith ; foreword by Rosie Tressler.
246 1 _iSubtitle on cover:
_aPractical guide for FE and HE settings.
260 _aLondon ;
_aPhiladelphia, PA :
_bJessica Kingsley Publishers,
_c2022.
300 _a400 pages :
_billustrations ;
_c23 cm
504 _aIncludes bibliographical references and indexes
520 _aThis practical book covers issues related to suicide risk, prevention and postvention in Higher and Further Education communities. Compiled by 37 experts, it is an authoritative guide to an issue that is causing increasingly large concern for FE and HE institutions and covers multiple evidence-backed approaches with a pragmatic focus. It is the first that specifically deals with student suicide in FE Colleges and universities, encouraging a holistic, institutional response. Chapters are split into three sections, beginning with understanding and preventing student suicide among students, followed by responses to risk, including a model for student prevention in HE settings. The book concludes with the response to student death by suicide with advice on postvention, and how to support bereaved family, staff, and students.
650 0 _aCollege students
_xSuicidal behavior
_925139
650 0 _aCollege students
_xMental health
_925140
650 0 _aSuicide
_xPrevention
_925141
700 _aMallon, Sharon
_eeditor
_925142
700 _aSmith, Jo
_eeditor
_925143
700 _aTressler, Rosie
_ewriter of foreword
_925144
942 _2lcc
999 _c4635
_d4635